|
|
|
|
| LEADER |
00000nam0a2200000 4500 |
| 001 |
250785 |
| 005 |
20260225071558.0 |
| 010 |
|
|
|a 5702000390
|
| 020 |
|
|
|a RU
|b 89-36020
|
| 035 |
|
|
|a (RuTPU)RU\TPU\book\273010
|
| 090 |
|
|
|a 250785
|
| 100 |
|
|
|a 20140217d1989 m y0rusy5003 ca
|
| 101 |
0 |
|
|a rus
|
| 102 |
|
|
|a RU
|
| 105 |
|
|
|a y z 000zy
|
| 200 |
1 |
|
|a Очищение: история и перестройка
|e Публицист. заметки
|f О. Волобуев, С. Кулешов
|g авт. предисл. В. Наумов
|
| 210 |
|
|
|a Москва
|c Изд-во Агентства печати "Новости"
|d 1989
|
| 215 |
|
|
|a 284 с.
|
| 225 |
1 |
|
|a Библиотечка АПН
|
| 606 |
|
|
|7 ca
|8 rus
|a Россия
|x История
|z 20 в. - ...
|2 stltpush
|3 (RuTPU)RU\TPU\subj\67773
|9 83439
|
| 610 |
1 |
|
|a СССР
|
| 610 |
1 |
|
|a перестройка
|
| 610 |
1 |
|
|a культ личности
|
| 610 |
1 |
|
|a социально-экономическая жизнь
|
| 610 |
1 |
|
|a публицистика
|
| 700 |
|
1 |
|a Волобуев
|b О. В.
|g Олег Владимирович
|4 070
|
| 701 |
|
1 |
|a Кулешов
|b С. В.
|g Сергей Владимирович
|4 070
|
| 702 |
|
1 |
|a Наумов
|b В.
|4 080
|
| 801 |
|
0 |
|a RU
|b RuMRKP
|c 19950417
|g psbo
|
| 801 |
|
1 |
|a RU
|b 63413507
|c 20140217
|
| 801 |
|
2 |
|a RU
|b 63413507
|c 20140221
|g RCR
|
| 942 |
|
|
|c BK
|